000 00690cam a22001934a 4500
999 _c59810
_d59810
001 12487729
005 20230421142620.0
008 010730s2004 maua bf 001 0 eng
020 _a9781405127004x
041 _aeng
080 _a159.9(075.8) H-22
245 0 0 _aHandbook of research methods in industrial and organizational psychology /
_cedited by Steven G. Rogelberg.
264 _aMalden, Mass :
_bBlackwell Publishers,
_c2002.
300 _a520 p. :
_bill. ;
_c26 cm.
440 0 _aBlackwell handbooks of research methods in psychology
_917727
653 _aფსიქოლოგია
700 1 _aRogelberg, Steven G.
_eრედაქტორი
_917728
942 _2udc
_cBK